Vista normal Vista MARC

Entrada Topical Term

Número de registros utilizados en: 1

001 - CONTROL NUMBER

  • control field: 8130

003 - CONTROL NUMBER IDENTIFIER

  • control field: OSt

005 - DATE AND TIME OF LATEST TRANSACTION

  • control field: 20200729164353.0

008 - FIXED-LENGTH DATA ELEMENTS

  • fixed length control field: 200729|| aca||aabn | a|a d

040 ## - CATALOGING SOURCE

  • Original cataloging agency: OSt
  • Transcribing agency: OSt

150 ## - HEADING--TOPICAL TERM

  • Topical term or geographic name entry element: Reformas constitucionales
  • Chronological subdivision: 1810-2002
  • Geographic subdivision: Colombia

670 ## - SOURCE DATA FOUND

  • Source citation: Work cat.: (OSt)3884: Restrepo Piedrahita, Carlos, compilador 442, Constituciones políticas nacionales de Colombia / , 2004